[Event "Prva liga Centalne Srbije 2009"]
[Site "Vrnjacka Banja"]
[Date "2009.09.22"]
[Round "5.6"]
[White "Stankovic, Dragan P"]
[Black "Zlatanovic, Boroljub"]
[Result "0-1"]
[WhiteElo "2326"]
[BlackElo "2404"]
[PlyCount "106"]
[EventDate "2009.09.19"]

1. c4 g6 2. Nc3 Bg7 3. g3 Nf6 4. Bg2 O-O 5. e4 d6 6. Nge2 c5 7. O-O Nc6 8. d3
Ne8 9. a3 Nc7 10. Rb1 a5 11. h3 Rb8 12. Be3 Ne6 13. Nb5 Ned4 14. Nexd4 Nxd4 15.
b4 Nxb5 16. cxb5 axb4 17. axb4 b6 18. bxc5 dxc5 19. Bf4 e5 20. Be3 Ra8 21. Qc2
Be6 22. Rb2 Qd7 23. Kh2 Ra3 24. Rd1 Rd8 25. Bf1 h5 26. h4 Bg4 27. Rdb1 Kh7 28.
Ra2 Rda8 29. Rxa3 Rxa3 30. Bd2 Qa7 31. Bc3 Ra2 32. Rb2 Ra1 33. Be2 Be6 34. Kg2
Qa3 35. Bd2 f5 36. f3 f4 37. g4 g5 38. hxg5 hxg4 39. fxg4 Kg6 40. Bc1 Kxg5 41.
Qd2 Qa8 42. Rc2 Qh8 43. Qe1 Qh4 44. Qxh4+ Kxh4 45. d4 exd4 46. Bxf4 Bxg4 47.
Bg3+ Kg5 48. Bc4 Ra3 49. Rf2 Rc3 50. Bf7 Bd7 51. Bf4+ Kh4 52. Bc7 Re3 53. Bxb6
Bh3+ 0-1

[Event "Prva liga Centalne Srbije 2009"]
[Site "Vrnjacka Banja"]
[Date "2009.09.22"]
[Round "5.6"]
[White "Lazic, Dragoljub"]
[Black "Djoric, Dusan"]
[Result "1/2-1/2"]
[WhiteElo "2317"]
[BlackElo "2302"]
[PlyCount "61"]
[EventDate "2009.09.19"]

1. e4 e5 2. Nf3 Nc6 3. Bb5 Nf6 4. O-O Nxe4 5. d4 Nd6 6. Bxc6 dxc6 7. dxe5 Nf5
8. Qxd8+ Kxd8 9. Nc3 h6 10. b3 Be6 11. Bb2 Be7 12. h3 Ke8 13. Rad1 Rd8 14.
Rxd8+ Kxd8 15. Rd1+ Kc8 16. g4 Nh4 17. Nxh4 Bxh4 18. Kg2 h5 19. f3 hxg4 20.
hxg4 Be7 21. Ne2 Bg5 22. Bc1 Be7 23. Nf4 Bd7 24. Bb2 Rh7 25. Re1 Be8 26. Nh5 c5
27. Rd1 a5 28. a4 c4 29. Bc3 cxb3 30. cxb3 b6 31. Nf4 1/2-1/2

[Event "Prva liga Centalne Srbije 2009"]
[Site "Vrnjacka Banja"]
[Date "2009.09.22"]
[Round "5.6"]
[White "Jokovic, Dragan"]
[Black "Milosevic, Slavisa"]
[Result "1-0"]
[WhiteElo "2190"]
[BlackElo "2295"]
[PlyCount "35"]
[EventDate "2009.09.19"]

1. d4 g6 2. e4 Bg7 3. c3 d6 4. Bd3 Nf6 5. f4 O-O 6. Nf3 c6 7. O-O Nbd7 8. e5
Ne8 9. Ng5 Nb6 10. Qe2 Nc7 11. Nd2 f6 12. Nxh7 Kxh7 13. Qh5+ Kg8 14. Bxg6 Re8
15. Ne4 Be6 16. f5 Bd5 17. Qh7+ Kf8 18. Bh6 1-0

[Event "Prva liga Centalne Srbije 2009"]
[Site "Vrnjacka Banja"]
[Date "2009.09.22"]
[Round "6.2"]
[White "Spasov, Vasil"]
[Black "Blagojevic, Dragisa"]
[Result "1/2-1/2"]
[WhiteElo "2592"]
[BlackElo "2546"]
[PlyCount "36"]
[EventDate "2009.09.19"]

1. e4 e5 2. Nf3 Nc6 3. Bc4 Nf6 4. d3 Be7 5. O-O O-O 6. Re1 d6 7. a4 Bg4 8. h3
Bh5 9. Nbd2 Nd4 10. g4 Nxf3+ 11. Nxf3 Bg6 12. Nh4 c6 13. Nxg6 hxg6 14. g5 Nh5
15. Qg4 d5 16. exd5 cxd5 17. Bb3 Qd6 18. Bd2 Kh7 1/2-1/2

[Event "Prva liga Centalne Srbije 2009"]
[Site "Vrnjacka Banja"]
[Date "2009.09.22"]
[Round "6.2"]
[White "Tosic, Miroslav"]
[Black "Vojinovic, Goran"]
[Result "1/2-1/2"]
[WhiteElo "2441"]
[BlackElo "2458"]
[PlyCount "44"]
[EventDate "2009.09.19"]

1. d4 Nf6 2. c4 e6 3. Nf3 d5 4. Nc3 Nbd7 5. Bg5 Bb4 6. cxd5 exd5 7. Rc1 c6 8.
a3 Bd6 9. e3 Nf8 10. Bd3 Ng6 11. Nh4 O-O 12. Qf3 Be7 13. Nf5 Bxf5 14. Qxf5 Ne8
15. h4 Nd6 16. Qh3 Re8 17. Kf1 Nf8 18. Qg4 Qd7 19. Qxd7 Nxd7 20. g3 Nb6 21.
Bxe7 Rxe7 22. b3 a6 1/2-1/2

[Event "Prva liga Centalne Srbije 2009"]
[Site "Vrnjacka Banja"]
[Date "2009.09.22"]
[Round "6.2"]
[White "Vratonjic, Slobo"]
[Black "Milosevic, Aleksandar"]
[Result "1-0"]
[WhiteElo "2409"]
[BlackElo "2280"]
[PlyCount "65"]
[EventDate "2009.09.19"]

1. e4 e5 2. Nf3 Nf6 3. Nxe5 d6 4. Nf3 Nxe4 5. c4 Be7 6. Nc3 Ng5 7. Ng1 c6 8. d4
Qa5 9. Bd3 Na6 10. Nge2 Bf5 11. O-O Bxd3 12. Qxd3 Nb4 13. Qb1 O-O 14. a3 Na6
15. f4 Ne6 16. f5 Nd8 17. b4 Qc7 18. Qd3 f6 19. Nf4 Qd7 20. Bd2 Nc7 21. Rae1 a5
22. bxa5 Ra6 23. Na4 Na8 24. Qb3 Rf7 25. d5 Qxf5 26. Ne6 Qh5 27. Nxd8 Bxd8 28.
Re8+ Rf8 29. Rxf8+ Kxf8 30. Qxb7 Nc7 31. Qc8 Ra8 32. Qd7 Qe2 33. Nb6 1-0

[Event "Prva liga Centalne Srbije 2009"]
[Site "Vrnjacka Banja"]
[Date "2009.09.22"]
[Round "6.2"]
[White "Nesic, Nebojsa"]
[Black "Zlatanovic, Boroljub"]
[Result "1/2-1/2"]
[WhiteElo "2127"]
[BlackElo "2404"]
[PlyCount "114"]
[EventDate "2009.09.19"]

1. d4 g6 2. e4 Bg7 3. Nc3 c6 4. Nf3 d5 5. exd5 cxd5 6. Bb5+ Nc6 7. Ne5 Bd7 8.
Bxc6 bxc6 9. O-O f6 10. Nxd7 Qxd7 11. Na4 e5 12. c4 Ne7 13. cxd5 cxd5 14. dxe5
fxe5 15. Bg5 Nc6 16. Nc5 Qf7 17. Rc1 O-O 18. a3 Rac8 19. b4 e4 20. Qd2 Qf5 21.
f3 Bd4+ 22. Be3 Qf4 23. Rce1 Bxe3+ 24. Rxe3 Qf7 25. Ree1 d4 26. Rxe4 Qd5 27.
Rfe1 a5 28. Ne6 Rf7 29. Qh6 Qd7 30. Ng5 Rg7 31. b5 Na7 32. Ne6 Re7 33. Nxd4
Rxe4 34. Rxe4 Nxb5 35. Nxb5 Qxb5 36. h4 Qc5+ 37. Qe3 Qd6 38. h5 Qd1+ 39. Kh2
Qd6+ 40. Qf4 Qxf4+ 41. Rxf4 Kg7 42. hxg6 hxg6 43. Rd4 Rc3 44. a4 Ra3 45. Kg3
Ra2 46. Kf4 Rxg2 47. Rd5 Rb2 48. Rxa5 Kh6 49. Ra8 Rb4+ 50. Kg3 Kh5 51. a5 Ra4
52. a6 Kh6 53. a7 Kh7 54. Kf2 Ra2+ 55. Ke3 Ra3+ 56. Kd4 Ra5 57. Kc4 Ra1 1/2-1/2

[Event "Prva liga Centalne Srbije 2009"]
[Site "Vrnjacka Banja"]
[Date "2009.09.22"]
[Round "6.2"]
[White "Lazic, Dragoljub"]
[Black "Stefanovic, Vladimir"]
[Result "1/2-1/2"]
[WhiteElo "2317"]
[BlackElo "2177"]
[PlyCount "92"]
[EventDate "2009.09.19"]

1. e4 c5 2. Nf3 Nc6 3. d4 cxd4 4. Nxd4 g6 5. Nc3 Bg7 6. Be3 Nf6 7. Bc4 O-O 8.
Bb3 d6 9. h3 a6 10. O-O Na5 11. f4 Nxb3 12. axb3 b5 13. e5 dxe5 14. fxe5 Nd5
15. Nxd5 Qxd5 16. Nf5 Qxd1 17. Nxe7+ Kh8 18. Raxd1 Bxe5 19. Bc5 Bb7 20. c3 Rfd8
21. Bb6 Rxd1 22. Rxd1 Be4 23. Rd7 Re8 24. b4 Kg7 25. Nd5 Bf5 26. Ra7 Bb8 27.
Bd4+ Be5 28. Bf2 Rd8 29. Ne3 Rd2 30. g4 Be6 31. Rxa6 Rxb2 32. Rc6 Rb1+ 33. Kg2
Rc1 34. Rc5 Bxc3 35. Nf5+ gxf5 36. Rxc3 Rxc3 37. Bd4+ Kg8 38. Bxc3 fxg4 39.
hxg4 Bxg4 40. Kg3 Bd1 41. Bf6 Kf8 42. Kf4 Ke8 43. Ke5 Kd7 44. Bh4 Bc2 45. Bf6
h5 46. Bh4 f5 1/2-1/2

[Event "Prva liga Centalne Srbije 2009"]
[Site "Vrnjacka Banja"]
[Date "2009.09.22"]
[Round "6.3"]
[White "Pilcevic, Ivan"]
[Black "Madjar, Stanislav"]
[Result "1/2-1/2"]
[WhiteElo "2086"]
[BlackElo "2171"]
[PlyCount "20"]
[EventDate "2009.09.19"]

1. d4 Nf6 2. Nf3 d5 3. c4 c6 4. Nc3 e6 5. e3 Be7 6. Bd3 O-O 7. O-O Nbd7 8. e4
dxe4 9. Nxe4 Nxe4 10. Bxe4 Nf6 1/2-1/2

[Event "Prva liga Centalne Srbije 2009"]
[Site "Vrnjacka Banja"]
[Date "2009.09.22"]
[Round "6.4"]
[White "Marinkovic, Slavisa"]
[Black "Panic, Nenad"]
[Result "1-0"]
[WhiteElo "2397"]
[BlackElo "2398"]
[PlyCount "75"]
[EventDate "2009.09.19"]

1. e4 c5 2. Nf3 e6 3. d4 cxd4 4. Nxd4 a6 5. Bd3 Nf6 6. O-O Qc7 7. Qe2 d6 8. c4
g6 9. Nc3 Bg7 10. Nf3 Nbd7 11. h3 O-O 12. Bf4 Nh5 13. Be3 Bxc3 14. bxc3 e5 15.
Rfd1 Nc5 16. Bh6 Ng7 17. Bc2 f6 18. Nd2 f5 19. exf5 gxf5 20. f4 Bd7 21. Nf1 Rf6
22. Bxg7 Kxg7 23. Ne3 Be6 24. fxe5 dxe5 25. Nxf5+ Bxf5 26. Bxf5 Raf8 27. g4 Ne6
28. Qe3 Rxf5 29. gxf5 Rxf5 30. Rf1 Nf4 31. Kh2 Rh5 32. Rf3 Qxc4 33. Rg1+ Kf6
34. Qd2 Ke6 35. Rd1 Qc6 36. Rxf4 exf4 37. Qxf4 Qb5 38. Rd6+ 1-0

[Event "Prva liga Centalne Srbije 2009"]
[Site "Vrnjacka Banja"]
[Date "2009.09.22"]
[Round "6.4"]
[White "Stamenkovic, Dragan"]
[Black "Brankovic, Dejan"]
[Result "1/2-1/2"]
[WhiteElo "2391"]
[BlackElo "2358"]
[PlyCount "72"]
[EventDate "2009.09.19"]

1. d4 Nf6 2. Bg5 Ne4 3. Bf4 c5 4. f3 Nf6 5. d5 Nh5 6. Bg5 h6 7. Bh4 Qb6 8. Nd2
Qxb2 9. e4 g5 10. Bf2 d6 11. a4 Bg7 12. Rb1 Qc3 13. Bb5+ Bd7 14. Ne2 Qa5 15.
O-O Bxb5 16. axb5 Qa4 17. g3 Nd7 18. Rb3 Nb6 19. Nb1 c4 20. Ra3 Qxb5 21. Nd4
Qb2 22. Nf5 Bf6 23. c3 Qb5 24. f4 Ng7 25. Ne3 h5 26. Nd2 e5 27. Qf3 g4 28. Qe2
Qb2 29. Raa1 Qxc3 30. Nexc4 Nxc4 31. Nxc4 O-O 32. f5 Rfd8 33. Be3 Rac8 34. Rfc1
Qb4 35. Rab1 Qa4 36. Rxb7 a6 1/2-1/2

[Event "Prva liga Centalne Srbije 2009"]
[Site "Vrnjacka Banja"]
[Date "2009.09.22"]
[Round "6.4"]
[White "Jovanovic, Zoran Z"]
[Black "Organdziev, Oliver"]
[Result "1/2-1/2"]
[WhiteElo "2354"]
[BlackElo "2297"]
[PlyCount "96"]
[EventDate "2009.09.19"]

1. d4 d5 2. c4 Bf5 3. Nc3 e6 4. cxd5 exd5 5. Bf4 c6 6. e3 Qb6 7. Qd2 Nf6 8. f3
Nbd7 9. g4 Bg6 10. h4 h6 11. Bh3 Be7 12. Nge2 Qa6 13. Ng3 Nb6 14. g5 Nh5 15.
Nxh5 Bxh5 16. Bf1 Qa5 17. Kf2 Nc4 18. Bxc4 dxc4 19. Ne4 Qd5 20. b3 cxb3 21.
Rab1 f5 22. gxf6 gxf6 23. Qe2 Qxe4 24. fxe4 Bxe2 25. Kxe2 h5 26. Rxb3 O-O-O 27.
Rhb1 b6 28. a4 Bd6 29. Bxd6 Rxd6 30. a5 b5 31. Rf1 Re8 32. Rf4 Kb7 33. Rc3 Ka6
34. Rc5 Kxa5 35. Rxh5 Kb4 36. Rh6 a5 37. e5 Rdd8 38. exf6 a4 39. f7 Rf8 40.
Rxc6 Rd7 41. d5+ Ka5 42. e4 a3 43. Rff6 Ra7 44. e5 a2 45. Rf1 Raxf7 46. Ra1
Rf2+ 47. Ke3 R8f3+ 48. Ke4 Rf4+ 1/2-1/2

[Event "Prva liga Centalne Srbije 2009"]
[Site "Vrnjacka Banja"]
[Date "2009.09.22"]
[Round "6.5"]
[White "Boskovic, Drasko"]
[Black "Misojcic, Miroslav"]
[Result "1-0"]
[WhiteElo "2436"]
[BlackElo "2232"]
[PlyCount "83"]
[EventDate "2009.09.19"]

1. e4 c5 2. Nf3 Nc6 3. d4 cxd4 4. Nxd4 Nf6 5. Nc3 e5 6. Ndb5 d6 7. a4 a6 8. Na3
Nb4 9. Bc4 Be6 10. Qe2 Rc8 11. Bg5 Bxc4 12. Nxc4 Rxc4 13. Qxc4 Nxc2+ 14. Ke2
Nxa1 15. Bxf6 gxf6 16. Nd5 Bh6 17. Rxa1 O-O 18. Ra3 Kh8 19. Rc3 f5 20. exf5 Qg5
21. Ne3 Qg7 22. Nd5 Qg5 23. g4 Qd2+ 24. Kf1 Bf4 25. Kg2 Bg5 26. Qe4 Rg8 27. Rc2
Qd1 28. Nc3 Qd4 29. Qxd4 exd4 30. Ne4 Bf4 31. Kf3 Bxh2 32. Nf6 Rb8 33. Ke4 Be5
34. Nd5 b5 35. f4 Bg7 36. f6 Bf8 37. axb5 axb5 38. g5 h6 39. Kxd4 Kh7 40. Ne7
Re8 41. Re2 h5 42. f5 1-0

[Event "Prva liga Centalne Srbije 2009"]
[Site "Vrnjacka Banja"]
[Date "2009.09.22"]
[Round "6.5"]
[White "Urosevic, Zoran"]
[Black "Pancevski, Filip"]
[Result "0-1"]
[WhiteElo "2292"]
[BlackElo "2432"]
[PlyCount "132"]
[EventDate "2009.09.19"]

1. g3 g6 2. Bg2 Bg7 3. d4 Nf6 4. e4 d6 5. Nc3 O-O 6. Nge2 e5 7. O-O c6 8. a4 a5
9. h3 Na6 10. Be3 Qc7 11. Qd2 Re8 12. Rfe1 Nb4 13. Rad1 b6 14. g4 Ba6 15. Ng3
Rad8 16. Qc1 Nd7 17. d5 Rc8 18. Rd2 cxd5 19. Nxd5 Nxd5 20. Rxd5 Bb7 21. Rd2 Nc5
22. Qa1 Bc6 23. b3 Ne6 24. Ne2 Qb7 25. f3 d5 26. Ng3 Nf4 27. exd5 Bxd5 28. Qd1
Bc6 29. Bxf4 exf4 30. Rxe8+ Rxe8 31. Ne4 Bxe4 32. fxe4 Qe7 33. Qf3 Be5 34. Bf1
Rd8 35. Rxd8+ Qxd8 36. Bd3 Qh4 37. Kg2 Qf6 38. Bc4 Kg7 39. Qd3 Bd4 40. Qf3 Be3
41. Bd3 Qc3 42. Qe2 Qf6 43. Qf3 Qh4 44. Kf1 Kh6 45. Ke2 Qf6 46. Qf1 Qc3 47. h4
Qd2+ 48. Kf3 Qh2 49. Qg2 Qxh4 50. Bc4 Kg7 51. g5 Qh5+ 52. Qg4 Qh1+ 53. Qg2 Qe1
54. Qh2 Qd1+ 55. Qe2 Qd8 56. Qg2 Qe7 57. Qg4 Bc1 58. Qh4 Qe5 59. Qh6+ Kg8 60.
Qh1 Ba3 61. Qh4 Bd6 62. Bd3 Qc5 63. Kg2 Qe3 64. Qg4 Bc5 65. Qh4 f3+ 66. Kh3 Bd6
0-1

[Event "Prva liga Centalne Srbije 2009"]
[Site "Vrnjacka Banja"]
[Date "2009.09.22"]
[Round "6.5"]
[White "Stankovic, Milos"]
[Black "Pantelic, Sasa"]
[Result "0-1"]
[WhiteElo "2357"]
[BlackElo "2320"]
[PlyCount "120"]
[EventDate "2009.09.19"]

1. e4 c5 2. Nf3 d6 3. d4 cxd4 4. Nxd4 Nf6 5. Nc3 g6 6. Be3 Bg7 7. f3 O-O 8. Qd2
Nc6 9. O-O-O Be6 10. Kb1 Nxd4 11. Bxd4 Qc7 12. g4 Rfc8 13. h4 Qa5 14. a3 Rab8
15. h5 b5 16. hxg6 hxg6 17. Qg5 d5 18. e5 Nh7 19. Qh4 Nf8 20. Na2 Qa4 21. Rh2
a5 22. f4 b4 23. axb4 axb4 24. b3 Qa5 25. Bb2 Ra8 26. Nc1 Rc3 27. Bd3 d4 28. f5
Rxd3 29. Nxd3 gxf5 30. gxf5 Bxf5 31. Qxe7 Ng6 32. Qxb4 Qa2+ 33. Kc1 Bxd3 34.
Rxd3 Bxe5 35. Rf2 Bg7 36. Rh3 Qa7 37. Rg2 Qa6 38. Rh1 Be5 39. Bxd4 Bxd4 40.
Qxd4 Qa1+ 41. Qxa1 Rxa1+ 42. Kb2 Rxh1 43. b4 Kf8 44. c4 Ke7 45. Rd2 Ne5 46. Rd4
f5 47. b5 Rg1 48. c5 Rg4 49. Rd5 Nc4+ 50. Kc3 Ke6 51. Rd8 Ne5 52. c6 Rc4+ 53.
Kd2 Rc5 54. Rb8 Nc4+ 55. Kc3 Ne5+ 56. Kd4 Rc4+ 57. Ke3 f4+ 58. Kf2 Rc2+ 59. Kf1
f3 60. Rd8 Ng4 0-1

[Event "Prva liga Centalne Srbije 2009"]
[Site "Vrnjacka Banja"]
[Date "2009.09.22"]
[Round "6.5"]
[White "Lazic, Zeljko"]
[Black "Milenkovic, Mladen"]
[Result "0-1"]
[WhiteElo "2181"]
[BlackElo "2341"]
[PlyCount "62"]
[EventDate "2009.09.19"]

1. e4 c5 2. Nf3 Nc6 3. c3 Nf6 4. Bd3 g6 5. Bc2 Bg7 6. O-O O-O 7. d4 cxd4 8.
cxd4 d5 9. e5 Ne4 10. h3 Bf5 11. Re1 Nb4 12. Bb3 Rc8 13. a3 Nxf2 14. Qd2 Nbd3
15. Rf1 Rxc1 16. Rxc1 Nxc1 17. Qxc1 Nd3 18. Qe3 Nxb2 19. Nbd2 b5 20. g4 Be6 21.
a4 Qa5 22. Ra2 Nxa4 23. Bxa4 bxa4 24. Nb3 Qb4 25. Nbd2 Rc8 26. Qa3 Qxa3 27.
Rxa3 Bd7 28. Kf2 e6 29. Ne1 Bb5 30. Nb1 Rc4 31. Rd3 Rc1 0-1

[Event "Prva liga Centalne Srbije 2009"]
[Site "Vrnjacka Banja"]
[Date "2009.09.22"]
[Round "6.5"]
[White "Misailovic, Nebojsa"]
[Black "Micic, Nenad"]
[Result "1-0"]
[WhiteElo "2291"]
[BlackElo "2247"]
[PlyCount "153"]
[EventDate "2009.09.19"]

1. e4 c5 2. Nf3 d6 3. d4 cxd4 4. Nxd4 Nf6 5. Nc3 a6 6. Be3 e5 7. Nb3 Be7 8. f3
Be6 9. Qd2 Nbd7 10. g4 O-O 11. g5 Nh5 12. O-O-O Nb6 13. Kb1 Rc8 14. Rg1 Nc4 15.
Bxc4 Rxc4 16. Nd5 Bxd5 17. Qxd5 Qc7 18. Bb6 Qc8 19. Qd2 Rc6 20. Be3 b6 21. Qf2
Qc7 22. Rd2 Rc8 23. Nc1 b5 24. Nd3 a5 25. f4 exf4 26. Bxf4 Rc4 27. Be3 Qc6 28.
Rf1 Rf8 29. e5 g6 30. exd6 Bxd6 31. Bd4 Qe4 32. Nc5 Qe7 33. Re1 Qc7 34. Ne4 Bf4
35. Rde2 Qd7 36. Bf6 Qg4 37. b3 Rc6 38. Bb2 Re6 39. Nc5 Rxe2 40. Rxe2 Qxg5 41.
Qd4 f6 42. a4 Be5 43. Qd5+ Rf7 44. Bxe5 fxe5 45. Rxe5 Qg1+ 46. Kb2 Nf4 47. Re8+
Kg7 48. Qe5+ Kh6 49. axb5 Rf5 50. Qe3 Qxe3 51. Rxe3 Rxc5 52. c4 a4 53. Re8 axb3
54. b6 Rxc4 55. b7 Rb4 56. b8=Q Rxb8 57. Rxb8 Kg5 58. Rxb3 h5 59. Kc2 h4 60.
Kd2 Kg4 61. Ke3 g5 62. Ke4 Nh3 63. Rb2 Nf4 64. Ra2 Kh3 65. Kf5 Ng2 66. Kxg5
Kxh2 67. Kg4 h3 68. Rb2 Kg1 69. Kxh3 Ne3 70. Re2 Nf1 71. Rg2+ Kh1 72. Rg8 Nh2
73. Rg7 Nf3 74. Kg3 Nd2 75. Re7 Kg1 76. Re1+ Nf1+ 77. Kf3 1-0

[Event "Prva liga Centalne Srbije 2009"]
[Site "Vrnjacka Banja"]
[Date "2009.09.22"]
[Round "6.5"]
[White "Tomic, Miroslav Lj"]
[Black "Marinkovic, Zoran"]
[Result "0-1"]
[WhiteElo "2149"]
[BlackElo "2259"]
[PlyCount "54"]
[EventDate "2009.09.19"]

1. b4 e5 2. Bb2 d6 3. e3 g6 4. Nf3 Bg7 5. Be2 Nh6 6. c4 O-O 7. d3 Re8 8. Nbd2
f5 9. Qc2 Qe7 10. e4 Nc6 11. a3 Nd8 12. O-O g5 13. Rfc1 g4 14. Ne1 c5 15. g3 f4
16. Bf1 Ne6 17. Ng2 Rf8 18. Nb3 Ng5 19. Kh1 Nh3 20. Re1 Bd7 21. gxf4 exf4 22.
bxc5 dxc5 23. Bxg7 Qxg7 24. e5 Ba4 25. Rab1 g3 26. f3 Nf5 27. Qd2 Qh6 0-1

[Event "Prva liga Centalne Srbije 2009"]
[Site "Vrnjacka Banja"]
[Date "2009.09.22"]
[Round "6.6"]
[White "Petkov, Vladimir"]
[Black "Savicevic, Vlatko"]
[Result "1/2-1/2"]
[WhiteElo "2456"]
[BlackElo "2331"]
[PlyCount "93"]
[EventDate "2009.09.19"]

1. Nf3 d5 2. c4 e6 3. g3 dxc4 4. Bg2 Nd7 5. Qa4 a6 6. Qxc4 b5 7. Qc2 Bb7 8. O-O
Ngf6 9. b3 Be7 10. Bb2 c5 11. d3 O-O 12. Nbd2 Rc8 13. Rac1 Qb6 14. Qb1 Rfd8 15.
Qa1 Bf8 16. Rc2 h6 17. Rfc1 Qa7 18. a3 Qa8 19. Nf1 Bd5 20. Qa2 Ng4 21. e4 Bb7
22. h3 Ngf6 23. Ne1 Be7 24. Kh2 Nf8 25. Ne3 Qa7 26. Qa1 h5 27. Rd1 Rd7 28. Nf3
Ng6 29. Rdd2 Rcd8 30. Qd1 h4 31. Qe2 Qb8 32. Bxf6 gxf6 33. Ng4 Kg7 34. Qe3 Rh8
35. d4 cxd4 36. Nxd4 Rc7 37. b4 Rh5 38. Ne2 Rxc2 39. Rxc2 Ne5 40. Nxe5 fxe5 41.
Ng1 Rh8 42. Nf3 hxg3+ 43. fxg3 Rd8 44. Ng5 Qd6 45. Nf3 Qd3 46. Qxd3 Rxd3 47.
Nxe5 1/2-1/2

[Event "Prva liga Centalne Srbije 2009"]
[Site "Vrnjacka Banja"]
[Date "2009.09.22"]
[Round "6.6"]
[White "Todorovic, Bojan"]
[Black "Adzic, Momcilo"]
[Result "0-1"]
[WhiteElo "2308"]
[BlackElo "2258"]
[PlyCount "84"]
[EventDate "2009.09.19"]

1. e4 e5 2. Nf3 Nc6 3. Bb5 a6 4. Ba4 Nf6 5. O-O Be7 6. Re1 b5 7. Bb3 O-O 8. a4
b4 9. d3 d6 10. Nbd2 Na5 11. Ba2 c5 12. c3 Nc6 13. Nf1 bxc3 14. bxc3 Be6 15.
Bxe6 fxe6 16. Qb3 Qc8 17. Ng5 Nd8 18. Ng3 Kh8 19. Rb1 Qd7 20. Qa2 h6 21. Nh3 g5
22. f3 Kh7 23. Nf2 Nc6 24. Qd2 Rab8 25. Rxb8 Rxb8 26. h4 Ng8 27. hxg5 Bxg5 28.
Qc2 Bh4 29. Ne2 Qg7 30. d4 Rf8 31. Kf1 Rf6 32. dxc5 dxc5 33. Rd1 Rg6 34. g4 Qf8
35. Rd7+ Kh8 36. Qd3 c4 37. Qe3 Bg5 38. f4 exf4 39. Nxf4 Rf6 40. N2h3 e5 41.
Nxg5 hxg5 42. Qh3+ Qh6 0-1

[Event "Prva liga Centalne Srbije 2009"]
[Site "Vrnjacka Banja"]
[Date "2009.09.22"]
[Round "6.6"]
[White "Pejcic, Milutin"]
[Black "Jakovljevic, Marko"]
[Result "1/2-1/2"]
[WhiteElo "2162"]
[BlackElo "2002"]
[PlyCount "69"]
[EventDate "2009.09.19"]

1. Nf3 d5 2. d4 Nf6 3. Bf4 Bf5 4. e3 e6 5. Be2 c5 6. O-O Be7 7. c4 O-O 8. Nc3
Nc6 9. dxc5 Bxc5 10. cxd5 Nxd5 11. Nxd5 Qxd5 12. Qxd5 exd5 13. Rac1 Bb6 14.
Rfd1 Rfd8 15. Ne5 Rac8 16. Bf3 Nxe5 17. Bxe5 Rxc1 18. Rxc1 f6 19. Bd4 Bxd4 20.
exd4 Be4 21. Bg4 Re8 22. Rc8 Kf7 23. Rc1 Bd3 24. Bf3 Be4 25. Be2 Re7 26. f3 Bb1
27. Kf2 Bxa2 28. Ra1 Bc4 29. Bxc4 dxc4 30. Rxa7 Ke6 31. Ra5 Kd6 32. Rb5 g6 33.
h4 f5 34. h5 Rc7 35. Ke3 1/2-1/2

[Event "Prva liga Centalne Srbije 2009"]
[Site "Vrnjacka Banja"]
[Date "2009.09.23"]
[Round "7.1"]
[White "Savicevic, Vlatko"]
[Black "Kojovic, Dragan"]
[Result "1/2-1/2"]
[WhiteElo "2331"]
[BlackElo "2389"]
[PlyCount "24"]
[EventDate "2009.09.19"]

1. e4 c5 2. Nf3 d6 3. Nc3 Nf6 4. g3 a6 5. Bg2 e5 6. a4 Nc6 7. d3 h6 8. O-O Bg4
9. h3 Be6 10. Nd2 Qd7 11. Kh2 g5 12. Nc4 Qc7 1/2-1/2

[Event "Prva liga Centalne Srbije 2009"]
[Site "Vrnjacka Banja"]
[Date "2009.09.23"]
[Round "7.1"]
[White "Solomunovic, Igor"]
[Black "Simic, Dragisa"]
[Result "1/2-1/2"]
[WhiteElo "2422"]
[BlackElo "2348"]
[PlyCount "99"]
[EventDate "2009.09.19"]

1. d4 Nf6 2. Nf3 c5 3. d5 g6 4. Nc3 Bg7 5. e4 d6 6. Be2 O-O 7. O-O Nbd7 8. h3
a6 9. a4 Rb8 10. a5 b5 11. axb6 Rxb6 12. Nd2 Ne8 13. Nc4 Rb4 14. Ra2 Nc7 15.
Bd2 Nb6 16. b3 Nxc4 17. Bxc4 Rb8 18. Qe2 Bd7 19. Qd3 Bb5 20. Ne2 Qd7 21. Ra5 f5
22. Nf4 Be5 23. Ne6 Nxe6 24. dxe6 Qc6 25. exf5 Rxf5 26. f4 Bd4+ 27. Kh2 d5 28.
Bxb5 Rxb5 29. Rxb5 axb5 30. g4 Rf8 31. f5 Be5+ 32. Bf4 Bxf4+ 33. Rxf4 Qd6 34.
Qg3 d4 35. Kg2 c4 36. bxc4 bxc4 37. Re4 Qd5 38. Qe5 Rd8 39. Qxd5 Rxd5 40. fxg6
hxg6 41. Kf2 g5 42. Ke2 Kg7 43. c3 dxc3 44. Rxc4 Rd2+ 45. Ke3 Rh2 46. Ke4 Rxh3
47. Kf5 Kh6 48. Rc7 Rf3+ 49. Ke5 Re3+ 50. Kf5 1/2-1/2

[Event "Prva liga Centalne Srbije 2009"]
[Site "Vrnjacka Banja"]
[Date "2009.09.23"]
[Round "7.1"]
[White "Adzic, Momcilo"]
[Black "Rabrenovic, Vladan"]
[Result "0-1"]
[WhiteElo "2258"]
[BlackElo "2380"]
[PlyCount "94"]
[EventDate "2009.09.19"]

1. e4 d6 2. d4 Nf6 3. Nc3 e5 4. f4 exd4 5. Qxd4 Nc6 6. Bb5 Be7 7. Nf3 O-O 8.
Qd1 a6 9. Bd3 Re8 10. O-O Bf8 11. Re1 b5 12. a3 Bb7 13. h3 g6 14. f5 Ne5 15.
fxg6 fxg6 16. Bg5 Be7 17. Bf4 Nxf3+ 18. Qxf3 Nh5 19. Bh2 Rf8 20. Qd1 Bh4 21.
Rf1 Rxf1+ 22. Qxf1 Qg5 23. Qe2 Rf8 24. Rf1 Rxf1+ 25. Qxf1 Ng3 26. Bxg3 Bxg3 27.
Nd1 Be5 28. c3 Bc8 29. Qf3 Qc1 30. Qe2 Be6 31. Qc2 Qg5 32. Kf1 Bg3 33. a4 c6
34. axb5 axb5 35. c4 b4 36. b3 Kg7 37. Qe2 Qc1 38. Qb2+ Qxb2 39. Nxb2 Kf6 40.
Be2 Ke5 41. Nd3+ Kxe4 42. Nxb4 c5 43. Nd5 Kd4 44. Bf3 Kd3 45. Be2+ Kc2 46. b4
Bxd5 47. b5 Be6 0-1

[Event "Prva liga Centalne Srbije 2009"]
[Site "Vrnjacka Banja"]
[Date "2009.09.23"]
[Round "7.1"]
[White "Irizanin, Radoje"]
[Black "Rajevic, Gavrilo"]
[Result "1/2-1/2"]
[WhiteElo "2303"]
[BlackElo "2275"]
[PlyCount "50"]
[EventDate "2009.09.19"]

1. e4 c5 2. Nc3 Nc6 3. f4 g6 4. Nf3 Bg7 5. Bb5 Nd4 6. Bd3 d6 7. Nxd4 cxd4 8.
Ne2 Nf6 9. c3 dxc3 10. dxc3 O-O 11. O-O Qc7 12. Qe1 b6 13. Qh4 Bb7 14. f5 Qc5+
15. Kh1 Bxe4 16. Bxe4 Qc4 17. Ng3 d5 18. Bg5 Nxe4 19. Bxe7 Rfe8 20. Rae1 Nf2+
21. Kg1 Nd3 22. Qxc4 dxc4 23. Re2 Be5 24. f6 b5 25. Rd1 Bc7 1/2-1/2

[Event "Prva liga Centalne Srbije 2009"]
[Site "Vrnjacka Banja"]
[Date "2009.09.23"]
[Round "7.1"]
[White "Jakovljevic, Marko"]
[Black "Mirkovic, Stevan"]
[Result "0-1"]
[WhiteElo "2002"]
[BlackElo "2245"]
[PlyCount "62"]
[EventDate "2009.09.19"]

1. e4 c6 2. d4 d5 3. Nc3 dxe4 4. Nxe4 Nd7 5. Ng5 Ngf6 6. Bd3 e6 7. N1f3 Bd6 8.
O-O h6 9. Ne4 Nxe4 10. Bxe4 Qc7 11. c4 c5 12. d5 Nf6 13. Bc2 O-O 14. dxe6 Bxe6
15. Qe2 Rfe8 16. Qd3 Rad8 17. Qc3 Bf4 18. h3 Bd7 19. Bxf4 Qxf4 20. Rfe1 Bc6 21.
Rxe8+ Rxe8 22. Re1 Bxf3 23. Rxe8+ Nxe8 24. gxf3 Nf6 25. Qd3 g6 26. b3 Qg5+ 27.
Kh2 Nh5 28. Qd7 Qe5+ 29. Kg1 Qe1+ 30. Kg2 Nf4+ 31. Kg3 Ne2+ 0-1

[Event "Prva liga Centalne Srbije 2009"]
[Site "Vrnjacka Banja"]
[Date "2009.09.23"]
[Round "7.1"]
[White "Radivojevic, Miladin"]
[Black "Draskovic, Dragan"]
[Result "1/2-1/2"]
[WhiteElo "2163"]
[BlackElo "2124"]
[PlyCount "22"]
[EventDate "2009.09.19"]

1. e4 e6 2. d4 d5 3. Nc3 dxe4 4. Nxe4 Nd7 5. Nf3 Ngf6 6. Bg5 Be7 7. Nxf6+ Bxf6
8. h4 c5 9. dxc5 Qa5+ 10. c3 Qxc5 11. Be3 Qa5 1/2-1/2